Normal view
MARC view
Entry Corporate Name
001 - CONTROL NUMBER
- control field: 1069756
003 - CONTROL NUMBER IDENTIFIER
- control field:
005 - DATE AND TIME OF LATEST TRANSACTION
- control field: 20210627164624.0
008 - FIXED-LENGTH DATA ELEMENTS
- fixed length control field: 210627|| aca||aabn | a|a d
040 ## - CATALOGING SOURCE
- Original cataloging agency:
- Transcribing agency:
110 ## - HEADING--CORPORATE NAME
- Corporate name or jurisdiction name as entry element: Indian National Science Academy
670 ## - SOURCE DATA FOUND
- Source citation: Work cat.: ()1046113: Indian National Science Academy., Biographical memoirs of fellows of the Indian National Science Academy, 1986-
